000 00456nam a2200145Ia 4500
008 231217s9999 xx 000 0 und d
041 _aEnglish
082 _a658.3 MOU;1 R
100 _aMourier,Pierre Smith, Martin
245 0 _aConquering organizational change : how to succeed where most companies fail
260 _c2004
_bJaico
_aMumbai
300 _a210
650 _aConquering,organizational,:,succeed,where,most,companies,fail
942 _cAA
999 _c171201
_d171201